[Event "Hamburger Einzelmeisterschaft A-Klasse"]
[Site "?"]
[Date "2024.05.22"]
[Round "4.1"]
[White "Kellner, Anton"]
[Black "Wokel, Justus"]
[Result "*"]
[WhiteElo "1680"]
[BlackElo "1708"]
[PlyCount "89"]
[GameId "2048136419468295"]
[EventDate "2024.??.??"]
[WhiteTeam "Hamburger SK von 1830 eV"]
[BlackTeam "Hamburger SK von 1830 eV"]

{[%evp 0,36,28,-33,-32,-32,-3,-22,-32,-29,-14,0,28,19,41,25,12,-11,-6,0,12,8,0,-9,-9,-14,3,-19,32,-13,64,62,125,65,68,66,71,72,80]} 1. f4 d5 2. Nf3 c5 3. g3 Nc6 4. Bg2 e6 5. O-O Bd6 6. d3 Bd7 7. e4 Nge7 8. a4 O-O 9. Be3 b6 10. e5 Nf5 11. Bf2 Be7 12. c3 Rc8 13. Qe1 Nh6 14. h3 g6 15. g4 c4 16. d4 Na5 17. Nbd2 a6 18. Be3 Kg7 19. Qg3 Qe8 20. Nh4 Bxh4 21. Qxh4 Qd8 22. Qg3 Rb8 23. Nf3 Nc6 24. Nh4 Ne7 25. Bf3 b5 26. axb5 Rxb5 27. Rf2 Nhg8 28. Rxa6 f5 29. gxf5 Nxf5 30. Nxf5+ Rxf5 31. Bg4 Ne7 32. Qh4 Qe8 33. Bxf5 Nxf5 34. Qf6+ Kg8 35. Bc1 Ng3 36. f5 Ne4 37. Qh4 Nxf2 38. fxe6 Bc8 39. Rd6 Nxh3+ 40. Qxh3 Rb8 41. Bg5 Bb7 42. e7 Bc8 43. Qh6 Bd7 44. Bf6 Rxb2 45. Qg7# *

[Event "Hamburger Einzelmeisterschaft A-Klasse"]
[Site "?"]
[Date "2024.05.22"]
[Round "4.2"]
[White "Wolff, Ole"]
[Black "Kriz, Leonard"]
[Result "1-0"]
[WhiteElo "1566"]
[BlackElo "1768"]
[PlyCount "103"]
[GameId "2048138179900433"]
[EventDate "2024.??.??"]
[WhiteTeam "SchVgg Blankenese von 1923 e.V."]
[BlackTeam "Bramfelder SK 1947 e.V."]

{[%evp 0,27,28,21,28,-9,28,7,14,21,50,43,59,34,57,42,37,40,40,42,56,37,27,20,19,29,14,1,49,-1]} 1. Nf3 Nf6 2. g3 b6 3. Bg2 Bb7 4. O-O g6 5. d4 c5 6. c4 cxd4 7. Nxd4 Bxg2 8. Kxg2 Qc8 9. b3 Qb7+ 10. Kg1 Bg7 11. e3 O-O 12. Bb2 Nc6 13. Qf3 Rac8 14. Nxc6 Rxc6 15. Na3 a6 16. Rac1 Rfc8 17. Rc2 h5 18. Nb5 Qb8 19. Nc3 b5 20. cxb5 axb5 21. Rcc1 e6 22. Ne2 Rc2 23. Bxf6 Bxf6 24. Qxf6 Rxe2 25. a4 bxa4 26. bxa4 Ra2 27. Rxc8+ Qxc8 28. Ra1 Rc2 29. a5 Rc6 30. Rb1 Ra6 31. Qe5 d6 32. Qb5 Qa8 33. Qb8+ Qxb8 34. Rxb8+ Kg7 35. Rb5 d5 36. Kf1 Kf6 37. Ke2 Ra7 38. Kd3 Rc7 39. a6 Rc1 40. Ra5 Rc8 41. a7 Ra8 42. Kd4 Kf5 43. f3 g5 44. e4+ Kf6 45. exd5 exd5 46. Kc5 g4 47. fxg4 hxg4 48. Kc6 d4 49. Kb7 Re8 50. a8=Q Re7+ 51. Kc6 d3 52. Qd8 1-0

[Event "Hamburger Einzelmeisterschaft A-Klasse"]
[Site "?"]
[Date "2024.05.22"]
[Round "4.3"]
[White "Morou, Halid"]
[Black "Parindra, Jason"]
[Result "0-1"]
[WhiteElo "1752"]
[BlackElo "1662"]
[PlyCount "64"]
[GameId "2048096037278063"]
[EventDate "2024.??.??"]
[WhiteTeam "Königsspr. SC.1984 e.V."]
[BlackTeam "SC Diogenes e.V."]

{[%evp 0,30,19,31,71,4,39,10,42,39,47,26,27,33,0,-1,-4,-47,-78,-26,-26,-52,-6,-1,-26,-159,-151,-99,-139,-148,-148,-137,-167]} 1. d4 d6 2. c4 Nf6 3. Nc3 g6 4. e4 Bg7 5. f4 O-O 6. Nf3 c5 7. e5 Nfd7 8. exd6 cxd4 9. Nxd4 exd6 10. Ndb5 Nc5 11. Be2 Re8 12. Nxd6 Bxc3+ 13. bxc3 Rxe2+ 14. Qxe2 Qxd6 15. O-O Be6 16. Ba3 Nbd7 17. Rad1 Qa6 18. Qb2 Bxc4 19. Rfe1 Nd3 20. Qb1 Qxa3 21. Rxd3 Bxd3 22. Qxd3 Qc5+ 23. Kh1 Nf6 24. Re5 Qa3 25. Qd4 Qc1+ 26. Qg1 Qxg1+ 27. Kxg1 Rc8 28. Re7 Rxc3 29. Rxb7 Ra3 30. Rb2 Nd5 31. f5 gxf5 32. Kf2 Kg7 0-1

[Event "Hamburger Einzelmeisterschaft A-Klasse"]
[Site "?"]
[Date "2024.05.22"]
[Round "4.4"]
[White "Tscherepanov, Leon"]
[Black "Gerdts, Martina"]
[Result "1/2-1/2"]
[WhiteElo "1813"]
[BlackElo "1662"]
[Annotator "hugo5"]
[PlyCount "24"]
[GameId "2048088282951897"]
[EventDate "2024.??.??"]
[WhiteTeam "Hamburger SK von 1830 eV"]
[BlackTeam "Hamburger SK von 1830 eV"]

{[%evp 0,24,23,19,26,20,58,7,18,-21,36,6,12,-31,-32,-20,-22,-24,-22,-29,-35,-33,-30,-68,-6,-6,-6]} 1. d4 d5 2. Nf3 c5 3. c3 Nc6 4. e3 Bg4 5. Be2 Nf6 6. O-O e6 7. Nbd2 Bd6 8. dxc5 Bxc5 9. Nd4 Bxe2 10. Qxe2 O-O 11. a3 e5 12. Nxc6 bxc6 {(=)} 1/2-1/2

[Event "Hamburger Einzelmeisterschaft A-Klasse"]
[Site "?"]
[Date "2024.05.22"]
[Round "4.5"]
[White "Klaeke, Gregor"]
[Black "Lüthje, Max"]
[Result "0-1"]
[WhiteElo "1703"]
[BlackElo "1755"]
[PlyCount "79"]
[GameId "2048141392761895"]
[EventDate "2024.??.??"]
[WhiteTeam "Niendorfer TSV 1919 SAbt"]
[BlackTeam "SC Diogenes e.V."]

{[%evp 0,17,21,21,75,32,13,-7,8,-29,-29,-29,-22,-61,-38,-44,-39,-71,-57,-27]} 1. e4 c6 2. c4 d5 3. e5 d4 4. d3 Qa5+ 5. Nd2 Qxe5+ 6. Be2 Nf6 7. Ngf3 Qd6 8. a3 c5 9. Ng5 Bf5 10. Qb3 Qc7 11. Nde4 Nxe4 12. dxe4 Bg6 13. Bd3 Nc6 14. Bd2 h6 15. Nh3 e5 16. f4 f6 17. fxe5 fxe5 18. Nf2 Bd6 19. Be2 O-O-O 20. Qh3+ Kb8 21. O-O Rhf8 22. a4 a5 23. Ra3 Rf6 24. Rf3 Rdf8 25. Qg3 Bh7 26. Rxf6 Rxf6 27. Bh5 b6 28. Be8 Kb7 29. Qb3 Qc8 30. Bxc6+ Kxc6 31. Qb5+ Kc7 32. Ra1 Bg6 33. Bxa5 bxa5 34. Qxa5+ Kd7 35. Ra3 Qf8 36. Qe1 Qb8 37. Qe2 Be7 38. Qc2 Rb6 39. Nd3 Bxe4 40. Nxe5+ 0-1

[Event "Hamburger Einzelmeisterschaft A-Klasse"]
[Site "?"]
[Date "2024.05.22"]
[Round "4.6"]
[White "Herrmann, Sabine"]
[Black "Ngo, Nam Hai"]
[Result "1-0"]
[WhiteElo "1737"]
[BlackElo "1532"]
[PlyCount "101"]
[GameId "2048112368624188"]
[EventDate "2024.??.??"]
[WhiteTeam "SF Hamburg e.V. 1934"]
[BlackTeam "Hamburger SK von 1830 eV"]

{[%evp 0,40,19,38,41,37,69,61,53,34,38,43,54,55,42,10,42,38,53,24,9,26,15,-7,21,-9,6,-1,2,2,-2,-7,-25,-1,-12,-12,27,32,148,148,148,125,171]} 1. e4 e6 2. Nf3 b6 3. Nc3 Bb7 4. a3 Nf6 5. e5 Nd5 6. Nxd5 Bxd5 7. c4 Bb7 8. d4 d6 9. Bf4 Be7 10. exd6 cxd6 11. d5 e5 12. Be3 Nd7 13. Be2 O-O 14. O-O f5 15. h3 f4 16. Bd2 Qe8 17. Qc2 Nc5 18. b4 e4 19. bxc5 exf3 20. Bxf3 dxc5 21. d6 Bxf3 22. dxe7 Qxe7 23. gxf3 Qh4 24. Kh2 Rf6 25. Qe4 Raf8 26. Rae1 Rh6 27. Qd5+ Kh8 28. Qd7 Qh5 29. Rg1 Rg6 30. Rxg6 Qxg6 31. Rg1 Qf7 32. Qxf7 Rxf7 33. Rg4 Kg8 34. Bxf4 h5 35. Rh4 g5 36. Bxg5 Rxf3 37. Be3 Rf5 38. Rf4 Re5 39. h4 Kg7 40. Kg3 a6 41. Rf3 Re4 42. Rf4 Re5 43. Bd2 Kg6 44. Bc3 Rf5 45. Rxf5 Kxf5 46. Kf3 b5 47. cxb5 axb5 48. Bg7 c4 49. Bc3 Ke6 50. Ke4 Kd6 51. f4 1-0

[Event "Hamburger Einzelmeisterschaft A-Klasse"]
[Site "?"]
[Date "2024.05.22"]
[Round "4.8"]
[White "Fieron, Andreas"]
[Black "Babychev, Mykhailo"]
[Result "1/2-1/2"]
[WhiteElo "1733"]
[BlackElo "1626"]
[PlyCount "110"]
[GameId "2048122322895578"]
[EventDate "2024.??.??"]
[WhiteTeam "Niendorfer TSV 1919 SAbt"]
[BlackTeam "Hamburger SK von 1830 eV"]

{[%evp 0,34,14,28,66,51,66,45,44,45,86,102,85,60,66,66,65,24,59,44,44,42,60,34,38,24,27,37,26,22,20,-1,27,0,32,-45,-46]} 1. e4 c5 2. Nf3 e6 3. d4 cxd4 4. Nxd4 a6 5. Nc3 Nc6 6. Be3 Nf6 7. a3 d6 8. Bd3 Be7 9. Nxc6 bxc6 10. Qe2 d5 11. exd5 cxd5 12. Bd4 Bb7 13. O-O O-O 14. Rfe1 Bd6 15. Be5 Bc5 16. b4 Bd6 17. Qf3 Bxe5 18. Rxe5 Qc7 19. Re2 Kh8 20. Na4 a5 21. b5 Rac8 22. Qg3 Qxg3 23. hxg3 Nd7 24. f4 g6 25. Rc1 Kg7 26. c4 Nc5 27. Nxc5 Rxc5 28. Rec2 Rfc8 29. Kf2 Kf6 30. g4 dxc4 31. g5+ Ke7 32. Rxc4 Rxc4 33. Rxc4 Rxc4 34. Bxc4 Kd6 35. a4 Kc5 36. Bb3 Kb4 37. Bd1 Bd5 38. Bf3 Kc5 39. Bxd5 exd5 40. Ke3 d4+ 41. Kd3 Kd5 42. g3 Kc5 43. Ke4 Kc4 44. b6 d3 45. Ke3 Kc3 46. b7 d2 47. b8=Q d1=Q 48. Qe5+ Kc4 49. Qb5+ Kc3 50. Qxa5+ Kb3 51. Qb5+ Kc3 52. Qc5+ Kb3 53. Qb5+ Kc3 54. Qa5+ Kc4 55. Qc7+ Kb4 1/2-1/2

[Event "Hamburger Einzelmeisterschaft A-Klasse"]
[Site "?"]
[Date "2024.05.22"]
[Round "4.9"]
[White "Echt, Pascal"]
[Black "Mi, Gufeng"]
[Result "0-1"]
[WhiteElo "1688"]
[BlackElo "1721"]
[Annotator "hugo5"]
[PlyCount "67"]
[GameId "2048123619853028"]
[EventDate "2024.??.??"]
[WhiteTeam "Hamburger SK von 1830 eV"]
[BlackTeam "Niendorfer TSV 1919 SAbt"]

{[%evp 0,33,16,10,76,69,241,261,257,235,237,249,253,241,265,258,260,241,255,262,283,247,283,259,267,260,284,284,260,229,230,196,214,220,238,213]} 1. d4 h5 2. Nf3 Rh6 3. Bxh6 Nxh6 4. e3 g6 5. Bd3 Bg7 6. Nbd2 d6 7. c3 Nd7 8. Qc2 Nf8 9. h3 b6 10. e4 e6 11. e5 d5 12. Rc1 Ng8 13. c4 Ne7 14. c5 c6 15. b4 Bb7 16. O-O Bh6 17. Rce1 Nd7 18. Nh2 Qc8 19. a4 Nf5 20. Ndf3 Qd8 21. g4 hxg4 22. Nxg4 Bf4 23. Ngh2 Nh4 24. Qe2 Qe7 25. Nxh4 Qxh4 26. Qg4 Qh6 27. Rb1 O-O-O 28. Rb2 Rh8 29. Kg2 Bd2 30. Nf3 Bf4 31. Nh2 Kc7 32. Rh1 g5 33. Ra1 Qg7 34. a5 {(Zeit)} 0-1

[Event "Hamburger Einzelmeisterschaft A-Klasse"]
[Site "?"]
[Date "2024.05.22"]
[Round "4.10"]
[White "Frackowiak, Stanislaw"]
[Black "Queißer, Jens"]
[Result "1-0"]
[WhiteElo "1720"]
[BlackElo "1632"]
[Annotator "hugo5"]
[PlyCount "120"]
[GameId "2048139399320605"]
[EventDate "2024.??.??"]
[WhiteTeam "Hamburger SK von 1830 eV"]
[BlackTeam "Hamburger SK von 1830 eV"]

{[%evp 0,49,28,28,27,26,20,21,34,32,25,6,20,18,13,9,51,17,25,-11,22,-25,112,112,122,109,171,199,199,58,62,7,10,3,90,64,86,35,83,59,50,41,236,149,141,149,154,154,154,154,162,130]} 1. d4 Nf6 2. Nf3 e6 3. e3 b6 4. Bd3 Bb7 5. Nbd2 Bb4 6. c3 Be7 7. O-O c5 8. Re1 O-O 9. e4 d6 10. Qc2 Nbd7 11. e5 dxe5 12. dxe5 Ng4 13. Bxh7+ Kh8 14. h3 Nxf2 15. Be4 Nxe4 16. Nxe4 Rb8 17. Neg5 g6 18. Qd2 Kg7 19. Qf4 Bxf3 20. Nxf3 g5 21. Nxg5 Bxg5 22. Qxg5+ Qxg5 23. Bxg5 Nxe5 24. Rxe5 {(=)} f6 25. Bxf6+ Rxf6 26. Rae1 Kf7 27. g4 Rd8 28. g5 Rg6 29. h4 Rd3 30. R5e3 c4 31. Kg2 Rd5 32. Kg3 Rd2 33. R1e2 Rd1 34. a3 b5 35. Kg4 Rd5 36. Re5 Rd1 37. Rg2 a6 38. h5 Rg8 39. Rf2+ Ke7 40. g6 Rg1+ 41. Kh3 Kd6 42. Rfe2 Rh8 43. Rxe6+ Kc7 44. Re7+ Kb6 45. Rh7 Rg8 46. Ree7 Ka5 47. g7 Ka4 48. h6 Kb3 49. Re2 Rd8 50. Kh2 Rdd1 51. Rh8 Rh1+ 52. Kg2 Rhg1+ 53. Kf3 Rgf1+ 54. Ke4 Rfe1 55. Rxe1 Rxe1+ 56. Kf3 Kxb2 57. g8=Q Kxc3 58. Qg7+ Kb3 59. Rc8 Kxa3 60. Qc3+ Ka4 1-0

[Event "Hamburger Einzelmeisterschaft A-Klasse"]
[Site "?"]
[Date "2024.05.22"]
[Round "4.11"]
[White "Iachanou, Daniel"]
[Black "Schenk, Michael"]
[Result "1-0"]
[WhiteElo "1687"]
[BlackElo "1690"]
[PlyCount "75"]
[GameId "2048120208605860"]
[EventDate "2024.??.??"]
[WhiteTeam "SF Sasel 1947"]
[BlackTeam "Hamburger SK von 1830 eV"]

{[%evp 0,41,38,26,88,55,57,59,59,63,70,58,24,34,43,56,46,3,17,-1,-3,0,-2,-4,6,-3,14,-39,32,32,38,35,32,34,36,3,5,-42,-49,-33,-41,-44,0,-61]} 1. e4 Nf6 2. e5 Nd5 3. d4 d6 4. Nf3 Bf5 5. Bd3 Bxd3 6. Qxd3 Nc6 7. exd6 cxd6 8. c3 e6 9. Na3 Be7 10. Nc2 a6 11. Ne3 Nxe3 12. fxe3 d5 13. O-O Bf6 14. e4 dxe4 15. Qxe4 O-O 16. Bf4 Qd5 17. Qe2 Rfe8 18. Rad1 Qxa2 19. Be5 Bxe5 20. dxe5 Red8 21. Rxd8+ Rxd8 22. Ng5 Rf8 23. Qh5 h6 24. Nxf7 Nxe5 25. Qxe5 Rxf7 26. Qb8+ Kh7 27. Rxf7 Qb1+ 28. Rf1 Qxb2 29. Qg3 Qb6+ 30. Qf2 Qc6 31. Qd2 b5 32. Qd3+ Kg8 33. Qd8+ Kh7 34. Qd4 Qc7 35. Rd1 e5 36. Qd3+ e4 37. Qxe4+ Kg8 38. Qd5+ 1-0

[Event "Hamburger Einzelmeisterschaft A-Klasse"]
[Site "?"]
[Date "2024.05.22"]
[Round "4.12"]
[White "Böhler, Yannic"]
[Black "Botzet, Michael"]
[Result "1-0"]
[WhiteElo "1701"]
[BlackElo "1669"]
[PlyCount "71"]
[GameId "2048121375462086"]
[EventDate "2024.??.??"]
[WhiteTeam "SC Schachelschweine e.V."]
[BlackTeam "Hamburger SK von 1830 eV"]

{[%evp 0,28,26,-17,-12,-41,-42,-49,16,11,27,2,3,19,35,-27,55,27,75,-11,56,-12,22,-25,16,-21,39,30,61,64,59]} 1. c4 e5 2. g3 Nf6 3. Bg2 c6 4. d4 e4 5. Nc3 d5 6. Bg5 Be7 7. f3 exf3 8. Nxf3 Be6 9. O-O Nbd7 10. Qc2 h6 11. Bf4 O-O 12. Rac1 Ng4 13. e4 Nb6 14. cxd5 cxd5 15. e5 Nc4 16. Rce1 Qb6 17. h3 g5 18. hxg4 gxf4 19. gxf4 Bxg4 20. Nxd5 Qe6 21. Nxe7+ Kh8 22. d5 Qb6+ 23. Qf2 Qxf2+ 24. Rxf2 Rfe8 25. d6 Nb6 26. Nd4 Rab8 27. Bf3 Bd7 28. Rh2 Kg7 29. Ndf5+ Bxf5 30. Nxf5+ Kg6 31. Be4 f6 32. Rxh6+ Kf7 33. Rh7+ Kf8 34. Re3 Nd7 35. Bd5 Nxe5 36. Rh8# 1-0

[Event "Hamburger Einzelmeisterschaft A-Klasse"]
[Site "?"]
[Date "2024.05.22"]
[Round "4.13"]
[White "Kock, Rudolf"]
[Black "Venzlaff, Dustin"]
[Result "0-1"]
[WhiteElo "1657"]
[BlackElo "1500"]
[PlyCount "69"]
[GameId "2048110322426418"]
[EventDate "2024.??.??"]
[WhiteTeam "SF Hamburg e.V. 1934"]
[BlackTeam "SC Diogenes e.V."]

{[%evp 0,69,31,20,39,20,85,52,94,46,86,40,66,47,66,29,21,21,76,25,39,-7,5,2,42,-16,28,0,70,42,64,17,82,24,14,6,-10,-138,-43,-160,353,181,209,186,247,26,10,-88,-7,-7,-16,-106,-106,-501,-427,-474,-474,-474,-459,-615,-392,-587,-410,-550,-533,-1165,-809,-1083,-1129,-29997,-29998,-29999]} 1. d4 Nf6 2. Nc3 g6 3. e4 d6 4. Bg5 Bg7 5. Bd3 c6 6. h3 e5 7. d5 O-O 8. Qd2 Qa5 9. Nge2 Nbd7 10. a3 Qc7 11. Rc1 a5 12. a4 Nb6 13. b3 Ne8 14. Ng3 cxd5 15. Nb5 Qc5 16. exd5 Nxd5 17. Ne4 Qc6 18. Bc4 Be6 19. c3 Rd8 20. Bxd8 Nf4 21. f3 d5 22. Bxa5 dxc4 23. Ng5 Qa6 24. Bb4 Nd3+ 25. Kd1 Nxb4 26. Na7 Qxa7 27. Nxe6 fxe6 28. cxb4 cxb3 29. Rc4 Nf6 30. Qd6 Kh8 31. Re1 Nd5 32. Rxe5 Qg1+ 33. Kd2 Bh6+ 34. Kd3 Qd1+ 35. Ke4 0-1